000 00576nam a2200181 a 4500
005 20210219160537.0
008 081110s1982 mx r 000 0 spa d
035 _aUPN01000167576
049 _aUNE
080 _aOC 016: 008 (100) BIB No. 32
245 0 0 _aBibliografía selectiva y anotada sobre las políticas culturales
260 _aParís :
_bUNESCO;
_bDivision of Cultural Development,
_c1982.
300 _a21 p.
440 0 _aEstudios e investigaciones ;
_v32.
690 _aBibliografias- Cultura
690 _aPolitica cultural- Bibliografias
905 _aUNESCO
999 _c139687
_d139687